| Tag |
First Indicator |
Second Indicator |
Subfields |
| LEADER |
00000cam a2200000 4500 |
| 001 |
in00000045427 |
| 005 |
20151007073054.0 |
| 008 |
781018s1955 gw a 00100 ger |
| 010 |
|
|
|a 57041534
|
| 035 |
|
|
|a (OCoLC)04300490
|
| 035 |
|
|
|9 AAE9076AM
|
| 040 |
|
|
|a DLC
|c TJC
|d TXA
|d UtOrBLW
|
| 049 |
|
|
|a TXAM
|c [267765]
|
| 050 |
0 |
0 |
|a QC786
|b .K6
|
| 092 |
|
|
|a 541.2
|b K81t
|
| 100 |
1 |
|
|a Kollath, Rudolf.
|
| 245 |
1 |
0 |
|a Teilchenbeschleuniger.
|
| 264 |
|
1 |
|a Braunschweig :
|b F. Vieweg,
|c 1955.
|
| 300 |
|
|
|a viii, 222 pages :
|b illustrations
|
| 336 |
|
|
|a text
|b txt
|2 rdacontent
|
| 337 |
|
|
|a unmediated
|b n
|2 rdamedia
|
| 338 |
|
|
|a volume
|b nc
|2 rdacarrier
|
| 490 |
0 |
|
|a Die Wissenschaft, Bd. 109
|
| 650 |
|
0 |
|a Particle accelerators.
|
| 999 |
|
|
|a MARS
|
| 999 |
f |
f |
|s 1f8afd0f-0e0e-359d-bc3f-6a743dde68b8
|i 3d081aba-ce94-3228-8885-9719bc007866
|t 0
|
| 952 |
f |
f |
|p ric
|a Texas A&M University
|b Rellis Campus
|c Joint Library Facility
|d Remote Storage
|t 0
|e QC786 .K6
|h Library of Congress classification
|i unmediated -- volume
|m A14800934612
|
| 998 |
f |
f |
|a QC786 .K6
|t 0
|l Remote Storage
|